Remedy for despair / (Record no. 156769)

MARC details
000 -LEADER
fixed length control field 00590nam a22001937a 4500
005 - DATE AND TIME OF LATEST TRANSACTION
control field 20180904105617.0
010 ## - LCCN (DPL NO)
LC control number ENG-123926
020 ## - INTERNATIONAL STANDARD BOOK NUMBER
Terms of availability 150.00
035 ## - SYSTEM CONTROL NUMBER
System control number EN-107458
037 ## - SOURCE OF ACQUISITION
Source of stock number/acquisition DBAD/PUB
082 ## - DEWEY DECIMAL CLASSIFICATION NUMBER
Classification number 158.1
100 ## - MAIN ENTRY--PERSONAL NAME
Personal name Chattopadhyay, Partha
245 ## - TITLE STATEMENT
Title Remedy for despair /
Statement of responsibility, etc by Partha Chattopadhyay; tr. by Amal Kumar Deka
260 ## - PUBLICATION, DISTRIBUTION, ETC. (IMPRINT)
Date of publication, distribution, etc 2012
Name of publisher, distributor, etc Bina Library
Place of publication, distribution, etc Guwahati (Assam)
270 ## - ADDRESS
Address Bina Library, college Hostel Road,
City Guwahati (Assam)
Postal code 781001
300 ## - PHYSICAL DESCRIPTION
Dimensions 20cm.(pbk.)
Extent 224p.
700 ## - ADDED ENTRY--PERSONAL NAME
Personal name Deka, Amal Kumar
942 ## - ADDED ENTRY ELEMENTS (KOHA)
Item type English Books
Source of classification or shelving scheme Dewey Decimal Classification
Call number suffix CHA
Classification part 158.1
Holdings
Withdrawn status Lost status Not for loan Collection code Home library Current library Date acquired Source of acquisition Cost, normal purchase price Full call number Barcode Copy number Cost, replacement price Koha item type
    Not For Loan Non-fiction D.B.Act.Division Bawana 31/08/2018 DBAD/PUB 150.00 158.1 CHA EN-107458 1 150.00 English Books

© Delhi Public Library
Hit Counter
free hit counter